<?xml version="1.0" encoding="UTF-8"?><OAI-PMH xmlns="http://www.openarchives.org/OAI/2.0/" xmlns:xsi="http://www.w3.org/2001/XMLSchema-instance"     xsi:schemaLocation="http://www.openarchives.org/OAI/2.0/ http://www.openarchives.org/OAI/2.0/OAI-PMH.xsd"><responseDate>2026-05-14T15:26:21Z</responseDate><request verb="GetRecord" identifier="oai:regmurcia.com:fintegr.406" metadataPrefix="marc21">http://oai.regmurcia.com/oai2/oai2.php</request><GetRecord><record><header><identifier>oai:regmurcia.com:fintegr.406</identifier><datestamp>2026-05-14</datestamp><setSpec>documentos</setSpec></header><metadata><record  xmlns="http://www.loc.gov/MARC21/slim" xmlns:xsi="http://www.w3.org/2001/XMLSchema-instance" xsi:schemaLocation="http://www.loc.gov/MARC21/slim http://www.loc.gov/standards/marcxml/schema/MARC21slim.xsd" type="Bibliographic"><leader>00000nam a2200000   4500</leader><controlfield tag="001" >005069557</controlfield><controlfield tag="003" >406</controlfield><controlfield tag="004" >A00000000</controlfield><datafield tag="245" ind1=" " ind2=" "><subfield code="a">Provisión de los Reyes Católicos al corregidor de Murcia ordenando no se hagan alardes en la ciudad hasta finales de Marzo de 1494.</subfield></datafield><datafield tag="300" ind1=" " ind2=" "><subfield code="c">265 x 310 mm.</subfield></datafield><datafield tag="351" ind1=" " ind2=" "><subfield code="a">Unidad Documental</subfield><subfield code="c">Archivo de Murcia. Array</subfield><subfield code="a">Unidad Documental</subfield><subfield code="c">Archivo de Murcia. Array</subfield></datafield><datafield tag="351" ind1=" " ind2=" "><subfield code="b">Nº 104</subfield></datafield><datafield tag="506" ind1=" " ind2=" "><subfield code="a">Acceso restringido</subfield></datafield><datafield tag="510" ind1=" " ind2=" "><subfield code="a">Pub. GOMARIZ MARÍN, ANTONIO. Documentos de los Reyes Católicos 1492-1504. Murcia: Academia Alfonso X el Sabio, 2000. pp. 182-183</subfield></datafield><datafield tag="520" ind1=" " ind2=" "><subfield code="a">Los Reyes Católicos comunican al corregidor de Murcia Pedro Gómez de Setúbal haber aceptado la petición del concejo de no hacer alardes en la ciudad hasta pasado un tiempo, dados los daños y pérdidas ocasionados por la guerra contra Granada y la enorme carestía de trigo que viene sufriendo la ciudad, todo lo cual impide a muchos vecinos mantener caballo y armas. Se convocan por tanto los próximos alardes para finales de Marzo de 1494.</subfield></datafield><datafield tag="583" ind1=" " ind2=" "><subfield code="u">http://www.regmurcia.com/servlet/s.Sl?METHOD=VERDOCUMENTO&amp;sit=serv,Carmesi&amp;n=/01/1001/indice.djvu</subfield></datafield><datafield tag="592" ind1=" " ind2=" "><subfield code="a">1493-08-24</subfield></datafield><datafield tag="592" ind1=" " ind2=" "><subfield code="d">1493-08-24 00:00:00</subfield></datafield><datafield tag="651" ind1=" " ind2=" "><subfield code="a">Barcelona</subfield></datafield><datafield tag="786" ind1=" " ind2=" "><subfield code="o">http://www.regmurcia.com/servlet/s.Sl?METHOD=VERDOCUMENTO&amp;sit=serv,Carmesi&amp;n=/01/1001/indice.djvu</subfield></datafield><datafield tag="856" ind1=" " ind2=" "><subfield code="u">http://www.regmurcia.com/servlet/s.Sl?METHOD=DETALLE&amp;sit=c,373,m,139,serv,Carmesi&amp;id=406</subfield></datafield></record></metadata></record></GetRecord></OAI-PMH>
